[Event "Women's Speed Chess GP1"]
[Site "chess.com INT"]
[Date "2020.06.24"]
[Round "1.10"]
[White "Abrahamyan, Tatev"]
[Black "Gunina, Valentina"]
[Result "0-1"]
[WhiteTitle "WGM"]
[BlackTitle "GM"]
[WhiteElo "2358"]
[BlackElo "2431"]
[WhiteFideId "13301918"]
[BlackFideId "4167570"]
[EventDate "2020.06.24"]
[EventType "k.o. blitz"]

1. e4 c6 2. d4 d5 3. Nc3 dxe4 4. Nxe4 Bf5 5. Ng3 Bg6 6. h4 h6 7. Nf3 Nd7 8. h5
Bh7 9. Bd3 Bxd3 10. Qxd3 Ngf6 11. Bd2 e6 12. O-O-O Bd6 13. Ne4 Nxe4 14. Qxe4 Nf6
15. Qe2 Bc7 16. c4 b5 17. Ne5 bxc4 18. Ng6 fxg6 19. Qxe6+ Qe7 20. Qxc6+ Kf7 21.
Rhe1 Qd7 22. Qxc4+ Nd5 23. Kb1 gxh5 24. Re3 Kg6 25. Qd3+ Qf5 26. Re6+ Nf6 27.
Qxf5+ Kxf5 28. Rde1 Rhe8 0-1

[Event "Women's Speed Chess GP1"]
[Site "chess.com INT"]
[Date "2020.06.24"]
[Round "1.11"]
[White "Gunina, Valentina"]
[Black "Abrahamyan, Tatev"]
[Result "0-1"]
[WhiteTitle "GM"]
[BlackTitle "WGM"]
[WhiteElo "2431"]
[BlackElo "2358"]
[WhiteFideId "4167570"]
[BlackFideId "13301918"]
[EventDate "2020.06.24"]
[EventType "k.o. blitz"]

1. e4 e6 2. d4 d5 3. Nc3 Bb4 4. exd5 exd5 5. Qf3 Ne7 6. Bd3 c6 7. Ne2 O-O 8. O-O
Ng6 9. h3 Nd7 10. Qg3 Nf6 11. Bg5 h6 12. Bd2 Bd6 13. f4 Ne7 14. Qf2 Bf5 15. Bxf5
Nxf5 16. g4 Ne7 17. Ng3 Re8 18. Rae1 Qb6 19. b3 Qc7 20. Kg2 Ng6 21. Rxe8+ Rxe8
22. Nf5 Bb4 23. Ng3 Bxc3 24. Bxc3 Ne4 25. Nxe4 Rxe4 26. Bd2 Qe7 27. Re1 Rxe1 28.
Qxe1 Nxf4+ 29. Kg3 Qxe1+ 30. Bxe1 Ne6 31. c3 f6 32. h4 Kf7 33. Kf3 g6 34. Bg3 a6
35. Bd6 f5 36. Bg3 g5 37. gxf5 Ng7 38. Kg4 gxh4 39. Bxh4 Ne8 40. Kf4 Nd6 41. Ke5
Ne4 42. c4 Nc3 43. Be1 Nxa2 44. cxd5 cxd5 45. Bd2 h5 46. Kxd5 h4 47. Ke4 h3 48.
Kf3 b6 49. Kg3 Kf6 50. Kxh3 Kxf5 51. d5 Ke5 52. Kg3 Kxd5 53. Kf3 Kd4 54. Ke2
Nc3+ 55. Ke1 Kd3 56. Bf4 b5 57. Be5 Kc2 58. b4 Kb3 59. Kd2 Nd5 60. Bd6 Nxb4 61.
Be5 Nc6 62. Bd6 a5 63. Kc1 a4 64. Kb1 b4 65. Bc5 Na5 66. Bd4 Nc4 67. Kc1 a3 68.
Bf6 Nb6 69. Be5 Na4 70. Ba1 Ka2 71. Bd4 b3 72. Kd2 b2 0-1

[Event "Women's Speed Chess GP1"]
[Site "chess.com INT"]
[Date "2020.06.24"]
[Round "1.12"]
[White "Abrahamyan, Tatev"]
[Black "Gunina, Valentina"]
[Result "1/2-1/2"]
[WhiteTitle "WGM"]
[BlackTitle "GM"]
[WhiteElo "2358"]
[BlackElo "2431"]
[WhiteFideId "13301918"]
[BlackFideId "4167570"]
[EventDate "2020.06.24"]
[EventType "k.o. blitz"]

1. e4 c6 2. d4 d5 3. Nc3 dxe4 4. Nxe4 Nf6 5. Ng3 e6 6. Nf3 c5 7. Bb5+ Bd7 8. Bd3
Nc6 9. dxc5 Bxc5 10. O-O Qc7 11. c3 O-O-O 12. Qc2 h5 13. Ne4 Nxe4 14. Bxe4 f5
15. Bd3 Ne5 16. Nxe5 Qxe5 17. Bg5 Bd6 18. f4 Qc5+ 19. Kh1 Rde8 20. b4 Qc7 21. a4
Bc6 22. b5 Bd7 23. c4 Bc5 24. a5 Kb8 25. Rfb1 Bc8 26. b6 Qc6 27. a6 bxa6 28.
bxa7+ Kxa7 29. Be2 Bd4 30. Bf3 Qc7 31. Ra4 e5 32. fxe5 Qxe5 33. h3 h4 34. Qb3
Qc7 35. Bf4 Qb6 36. Qa2 Re6 37. Rxb6 Re1+ 38. Kh2 Bg1+ 39. Kh1 Bxb6+ 40. Kh2
Bg1+ 41. Kh1 Be3+ 42. Kh2 Bg1+ 43. Kh1 Be3+ 44. Kh2 Bg1+ 1/2-1/2

[Event "Women's Speed Chess GP1"]
[Site "chess.com INT"]
[Date "2020.06.24"]
[Round "1.1"]
[White "Lagno, Kateryna"]
[Black "Ning, Kaiyu"]
[Result "1/2-1/2"]
[WhiteTitle "GM"]
[BlackTitle "WIM"]
[WhiteElo "2546"]
[BlackElo "2327"]
[WhiteFideId "14109336"]
[BlackFideId "8614750"]
[EventDate "2020.06.24"]
[EventType "k.o. blitz"]

1. e4 e6 2. d4 d5 3. Nd2 c5 4. exd5 Qxd5 5. Ngf3 cxd4 6. Bc4 Qd6 7. O-O Nf6 8.
Nb3 Nc6 9. Nbxd4 Nxd4 10. Nxd4 a6 11. Re1 Qc7 12. Bf1 Be7 13. g3 O-O 14. Bf4 Qb6
15. Nb3 Rd8 16. Qe2 Bd7 17. Rad1 Bc6 18. c3 Bd5 19. Nd4 Rac8 20. Be3 Qc7 21. Qc2
b5 22. a4 Be4 23. Qc1 e5 24. Nc2 Ba8 25. Be2 bxa4 26. Rxd8+ Rxd8 27. Rd1 Nd5 28.
Bf3 Nxc3 29. Rxd8+ Qxd8 30. Ne1 Bxf3 31. Qxc3 Qd1 32. h4 h5 33. Kh2 Bf6 34. Qc8+
Kh7 35. Qf5+ Kg8 36. Nxf3 Qe2 37. Qc8+ Kh7 38. Qf5+ Kg8 39. Ng5 Bxg5 40. hxg5
Qxb2 41. Qc8+ Kh7 42. Qf5+ Kg8 43. g6 fxg6 44. Qxg6 a3 45. Qe8+ Kh7 46. Qxh5+
Kg8 47. Qe8+ Kh7 48. Qh5+ Kg8 49. Qe8+ Kh7 50. Qh5+ 1/2-1/2

[Event "Women's Speed Chess GP1"]
[Site "chess.com INT"]
[Date "2020.06.24"]
[Round "1.2"]
[White "Ning, Kaiyu"]
[Black "Lagno, Kateryna"]
[Result "1-0"]
[WhiteTitle "WIM"]
[BlackTitle "GM"]
[WhiteElo "2327"]
[BlackElo "2546"]
[WhiteFideId "8614750"]
[BlackFideId "14109336"]
[EventDate "2020.06.24"]
[EventType "k.o. blitz"]

1. d4 Nf6 2. c4 g6 3. g3 c6 4. Bg2 d5 5. Qa4 Bg7 6. cxd5 Nxd5 7. Nf3 Bg4 8. e3
O-O 9. O-O Nb6 10. Qc2 N8d7 11. Nbd2 e5 12. dxe5 Nxe5 13. Nxe5 Bxe5 14. Qe4 Bd4 1-0

[Event "Women's Speed Chess GP1"]
[Site "chess.com INT"]
[Date "2020.06.24"]
[Round "1.3"]
[White "Lagno, Kateryna"]
[Black "Ning, Kaiyu"]
[Result "1-0"]
[WhiteTitle "GM"]
[BlackTitle "WIM"]
[WhiteElo "2546"]
[BlackElo "2327"]
[WhiteFideId "14109336"]
[BlackFideId "8614750"]
[EventDate "2020.06.24"]
[EventType "k.o. blitz"]

1. e4 e6 2. d4 d5 3. Nd2 c5 4. exd5 Qxd5 5. Ngf3 cxd4 6. Bc4 Qd6 7. O-O Nf6 8.
Nb3 Nc6 9. Nbxd4 Nxd4 10. Nxd4 a6 11. Re1 Qc7 12. Bd3 Bd6 13. h3 O-O 14. Bg5
Bh2+ 15. Kh1 Be5 16. c3 Nd5 17. Be4 Bf6 18. Qh5 g6 19. Qh4 Bxg5 20. Qxg5 Qf4 21.
Qxf4 Nxf4 22. Rad1 Rb8 23. Nb3 b6 24. Rd6 Bb7 25. Bxb7 Rxb7 26. Kh2 Rc8 27. Nd2
Kg7 28. Re4 Nd5 29. Rc4 Rxc4 30. Nxc4 Kf6 31. Rd8 Ke7 32. Ra8 Nc7 33. Rh8 h5 34.
g4 hxg4 35. hxg4 Nd5 36. Kg3 b5 37. Ne5 Kf6 38. f4 Kg7 39. Ra8 Nc7 40. Rd8 Nd5
41. g5 b4 42. c4 Ne3 43. c5 Rc7 44. c6 Nd5 45. Kf3 a5 46. Ke4 a4 47. Kd4 a3 48.
bxa3 bxa3 49. Kc5 Nxf4 50. Kb6 Re7 51. c7 Nd5+ 52. Rxd5 exd5 53. c8=Q Rxe5 54.
Qc3 f6 55. Qc7+ Kf8 56. Qd6+ Ke8 57. Qxf6 1-0

[Event "Women's Speed Chess GP1"]
[Site "chess.com INT"]
[Date "2020.06.24"]
[Round "1.4"]
[White "Ning, Kaiyu"]
[Black "Lagno, Kateryna"]
[Result "1/2-1/2"]
[WhiteTitle "WIM"]
[BlackTitle "GM"]
[WhiteElo "2327"]
[BlackElo "2546"]
[WhiteFideId "8614750"]
[BlackFideId "14109336"]
[EventDate "2020.06.24"]
[EventType "k.o. blitz"]

1. d4 Nf6 2. c4 g6 3. g3 c6 4. Bg2 d5 5. Qa4 Bg7 6. cxd5 Nxd5 7. Nf3 Bg4 8. e3
O-O 9. O-O Nd7 10. Nbd2 Re8 11. h3 Bxf3 12. Nxf3 e5 13. dxe5 Nxe5 14. Nxe5 Bxe5
15. e4 Nb6 16. Qc2 Qd4 17. Kh2 Qc4 18. Qb1 Qe2 19. a4 Nc4 20. Ra2 Nd2 21. Bxd2
Qxd2 22. b4 Qd4 23. Rd1 Qb6 24. a5 Qc7 25. a6 bxa6 26. Rxa6 Rab8 27. Qa2 Rxb4
28. Rxa7 Rb7 29. Rxb7 Qxb7 30. f4 Bg7 31. e5 Qc7 32. Rd6 c5 33. Qd5 Qe7 34. Qxc5
g5 35. Qd5 gxf4 36. gxf4 Qh4 37. Qd4 h5 38. Rd5 Bh6 39. f5 Qxd4 40. Rxd4 Rxe5
41. Be4 Be3 42. Ra4 Kg7 43. Kg3 Bg5 44. Kf3 Bf6 45. Ra6 Re7 46. Rd6 Ra7 47. Rd3
Ra1 48. Re3 Rg1 49. Re2 Kh6 50. Rg2 Rxg2 51. Kxg2 Kg5 52. Kg3 h4+ 53. Kf3 Be5
54. Bd3 f6 55. Be4 Bd6 1/2-1/2

[Event "Women's Speed Chess GP1"]
[Site "chess.com INT"]
[Date "2020.06.24"]
[Round "1.5"]
[White "Lagno, Kateryna"]
[Black "Ning, Kaiyu"]
[Result "1/2-1/2"]
[WhiteTitle "GM"]
[BlackTitle "WIM"]
[WhiteElo "2546"]
[BlackElo "2327"]
[WhiteFideId "14109336"]
[BlackFideId "8614750"]
[EventDate "2020.06.24"]
[EventType "k.o. blitz"]

1. e4 e6 2. d4 d5 3. Nd2 c5 4. exd5 Qxd5 5. Ngf3 cxd4 6. Bc4 Qd6 7. O-O Nf6 8.
Nb3 Nc6 9. Nbxd4 Nxd4 10. Nxd4 a6 11. Re1 Qc7 12. Bd3 Bd6 13. h3 O-O 14. Bg5
Bh2+ 15. Kh1 Be5 16. c3 Nd5 17. Be4 h6 18. Bd2 Nf6 19. Bf3 Rd8 20. Qe2 Bxd4 21.
cxd4 Nd5 22. Rac1 Qd6 23. Qe5 b5 24. Ba5 Rd7 25. Qxd6 Rxd6 26. Bc7 Rd7 27. Be5
Bb7 28. Rc5 Nb4 29. Bxb7 Rxb7 30. Re3 Nxa2 31. Rg3 g6 32. d5 exd5 33. Rxd5 Nb4
34. Rd6 Rc8 35. h4 h5 36. Bc3 Nc6 37. Rgd3 Rbb8 38. Bf6 a5 39. Rc3 Nb4 40. Rb6
Nd5 41. Rxc8+ Rxc8 42. Rd6 Nxf6 43. Rxf6 Rc2 44. b3 Rb2 45. Ra6 Rxb3 46. Rxa5
Kf8 47. g3 Ke7 48. Ra6 Rb2 49. Kg2 Rd2 50. Rb6 Rd5 51. f3 Kd7 52. Rb7+ Ke6 53.
g4 hxg4 54. fxg4 Kf6 55. Kg3 Rd3+ 56. Kf4 Rd4+ 57. Kf3 b4 58. h5 gxh5 59. gxh5
Rh4 60. h6 Kg6 61. h7 Kg7 62. h8=Q+ Kxh8 63. Rxf7 Kg8 64. Rb7 Kf8 65. Ke3 Ke8
66. Kd3 Kd8 67. Kc2 Kc8 68. Rg7 1/2-1/2

[Event "Women's Speed Chess GP1"]
[Site "chess.com INT"]
[Date "2020.06.24"]
[Round "1.6"]
[White "Ning, Kaiyu"]
[Black "Lagno, Kateryna"]
[Result "0-1"]
[WhiteTitle "WIM"]
[BlackTitle "GM"]
[WhiteElo "2327"]
[BlackElo "2546"]
[WhiteFideId "8614750"]
[BlackFideId "14109336"]
[EventDate "2020.06.24"]
[EventType "k.o. blitz"]

1. d4 Nf6 2. c4 g6 3. g3 c6 4. Bg2 d5 5. Qa4 Bg7 6. cxd5 Nxd5 7. Nf3 Bg4 8. e3
O-O 9. O-O Na6 10. Nbd2 Nb6 11. Qc2 Bf5 12. e4 Be6 13. Rd1 Qd7 14. b3 c5 15. Bb2
cxd4 16. Nf1 Rac8 17. Qe2 Bg4 18. e5 Qf5 19. Bxd4 Rc2 20. Rd2 Rxd2 21. N1xd2 Rd8
22. Qf1 Nb4 23. h3 Bxf3 24. Nxf3 Nc2 25. Bxb6 axb6 26. Rd1 Qc8 27. Rc1 Bh6 28.
Rd1 Nb4 29. Rxd8+ Qxd8 30. Qc4 Nxa2 31. e6 f6 32. b4 Nc1 33. Kh2 Nd3 34. Nd4
Nxf2 35. Bxb7 Be3 36. Nc6 Qd2 37. Nxe7+ Kf8 38. Bg2 Kxe7 39. Qc7+ Kxe6 40. Qxh7
Nd3 41. Qxg6 Ne1 42. Qe4+ Kd6 43. Qc6+ Ke7 44. Qe4+ Kf8 45. Qa8+ Kg7 46. Qb7+
Kh6 47. b5 Qf2 48. h4 Nxg2 49. Qxg2 Kh5 50. Kh3 Qxg2+ 51. Kxg2 Kg4 52. Kh2 Bf2 0-1

[Event "Women's Speed Chess GP1"]
[Site "chess.com INT"]
[Date "2020.06.24"]
[Round "1.7"]
[White "Lagno, Kateryna"]
[Black "Ning, Kaiyu"]
[Result "1-0"]
[WhiteTitle "GM"]
[BlackTitle "WIM"]
[WhiteElo "2546"]
[BlackElo "2327"]
[WhiteFideId "14109336"]
[BlackFideId "8614750"]
[EventDate "2020.06.24"]
[EventType "k.o. blitz"]

1. e4 e6 2. d4 d5 3. Nd2 c5 4. exd5 Qxd5 5. Ngf3 cxd4 6. Bc4 Qd6 7. O-O Nf6 8.
Nb3 Nc6 9. Nbxd4 Nxd4 10. Nxd4 a6 11. Re1 Qc7 12. Bf1 Be7 13. g3 O-O 14. Qe2 b5
15. Bf4 Qb6 16. Be3 Bc5 17. Bg2 Bb7 18. Bxb7 Qxb7 19. Rad1 Nd5 20. Bc1 Qb6 21.
c3 Rfe8 22. Nb3 Be7 23. Qg4 Bf6 24. Bg5 Rac8 25. Bxf6 Nxf6 26. Qd4 Qc6 27. Qd6
Qa8 28. h3 h6 29. Qe5 Nh7 30. h4 Nf6 31. Qe2 Qb7 32. Rd4 a5 33. Nxa5 Qa6 34. Nb3
Qxa2 35. Nc1 Qa5 36. Nd3 Qb6 37. Ne5 Rc5 38. Red1 Rec8 39. Nd7 Nxd7 40. Rxd7 Rf5
41. R1d4 h5 42. Qd3 g6 43. Rd8+ Rxd8 44. Rxd8+ Kg7 45. Qd4+ Qxd4 46. Rxd4 Rc5
47. Kf1 e5 48. Rd6 Kf8 49. Rd7 Ke8 50. Rb7 Rd5 51. Ke2 Kf8 52. b4 Kg7 53. Ke3
Kf6 54. Ke4 Ke6 55. Rxf7 Rd2 56. Rb7 Re2+ 57. Kf3 Rc2 58. Rxb5 Rxc3+ 59. Ke4
Rc4+ 60. Kd3 Rc6 61. Rb8 Kd5 62. Rd8+ Ke6 63. b5 Rc5 64. Rb8 Kd5 65. b6 Rb5 66.
Ke3 Rb3+ 67. Ke2 Ke4 68. b7 Rb2+ 69. Kf1 Rb1+ 70. Kg2 Rb2 71. Kh3 Rb1 72. f4 Kf3
73. Kh2 Rb2+ 74. Kg1 Kxg3 75. Kf1 exf4 76. Rg8 Kf3 77. b8=Q 1-0

[Event "Women's Speed Chess GP1"]
[Site "chess.com INT"]
[Date "2020.06.24"]
[Round "1.8"]
[White "Ning, Kaiyu"]
[Black "Lagno, Kateryna"]
[Result "0-1"]
[WhiteTitle "WIM"]
[BlackTitle "GM"]
[WhiteElo "2327"]
[BlackElo "2546"]
[WhiteFideId "8614750"]
[BlackFideId "14109336"]
[EventDate "2020.06.24"]
[EventType "k.o. blitz"]

1. d4 Nf6 2. c4 g6 3. g3 c6 4. Bg2 d5 5. Qa4 Bg7 6. cxd5 Nxd5 7. Nf3 Bg4 8. e3
O-O 9. O-O Na6 10. Rd1 Qd7 11. Nbd2 Nb6 12. Qc2 Rac8 13. Nb3 Rfd8 14. Bd2 Qd5
15. e4 Qh5 16. Ng5 h6 17. f3 hxg5 18. fxg4 Qxg4 19. Be3 Qe6 20. Bxg5 c5 21. dxc5
Rxd1+ 22. Rxd1 Na4 23. Be3 Nxb2 24. Rc1 Nb4 25. Qb1 N4d3 26. Rc2 Nc4 27. Bc1
Nxc1 28. Qxc1 Ne5 29. h3 Rd8 30. Kh2 Nc6 31. Rd2 Rxd2 32. Qxd2 Be5 33. Qd5 Qf6
34. Nd2 Qf2 35. Nf1 Bd4 36. h4 Bxc5 37. Kh3 Bd6 38. h5 Qf6 39. hxg6 Qxg6 40. Kh2
Ne5 41. Kg1 Ng4 42. Bf3 Ne3 43. Bg2 Nxd5 44. exd5 0-1

[Event "Women's Speed Chess GP1"]
[Site "chess.com INT"]
[Date "2020.06.24"]
[Round "1.9"]
[White "Lagno, Kateryna"]
[Black "Ning, Kaiyu"]
[Result "1/2-1/2"]
[WhiteTitle "GM"]
[BlackTitle "WIM"]
[WhiteElo "2546"]
[BlackElo "2327"]
[WhiteFideId "14109336"]
[BlackFideId "8614750"]
[EventDate "2020.06.24"]
[EventType "k.o. blitz"]

1. e4 e6 2. d4 d5 3. Nd2 Nc6 4. Ngf3 Nf6 5. e5 Nd7 6. Be2 f6 7. exf6 Qxf6 8. c3
Bd6 9. O-O O-O 10. Re1 e5 11. dxe5 Ndxe5 12. Nf1 Be6 13. Ng3 Rae8 14. Be3 Nxf3+
15. Bxf3 Ne5 16. Bxd5 Ng4 17. Bd4 Qg6 18. Rxe6 Rxe6 19. Qe2 Re8 20. Re1 Kf7 21.
Qf3+ Nf6 22. Bxe6+ Rxe6 23. Rxe6 Kxe6 24. Qxb7 Nd5 25. Qc8+ Ke7 26. Nf5+ Kf7 27.
Qd7+ Ne7 28. Nxd6+ cxd6 29. h3 Qb1+ 30. Kh2 Qxb2 31. Qxa7 Qc1 32. Be3 Qxc3 33.
Qd7 Qe5+ 34. g3 Kf6 35. Qg4 Nf5 36. Qg5+ Kf7 37. Qh5+ Ke6 38. Bf4 Qb2 39. Qe8+
Ne7 40. Kg2 Qxa2 41. Kg1 Qa1+ 42. Kg2 h6 43. Qb8 Qd4 44. Qb3+ Nd5 45. Be3 Qe4+
46. Kg1 Qf3 47. Qc2 Nxe3 48. fxe3 Qxg3+ 49. Kh1 Qxh3+ 50. Kg1 Qxe3+ 51. Kf1 Qf4+
52. Kg1 Qd4+ 53. Kh1 d5 54. Qg6+ Kd7 55. Qf7+ Kc6 56. Qe6+ Kb5 57. Qd7+ Kc4 58.
Qa4+ Kd3 59. Qd1+ Ke4 60. Qg4+ Ke3 61. Qg1+ Kd3 62. Qd1+ Kc4 63. Qa4+ Kc3 64.
Qa1+ Kc4 65. Qa4+ 1/2-1/2

[Event "Women's Speed Chess GP1"]
[Site "chess.com INT"]
[Date "2020.06.24"]
[Round "1.10"]
[White "Ning, Kaiyu"]
[Black "Lagno, Kateryna"]
[Result "0-1"]
[WhiteTitle "WIM"]
[BlackTitle "GM"]
[WhiteElo "2327"]
[BlackElo "2546"]
[WhiteFideId "8614750"]
[BlackFideId "14109336"]
[EventDate "2020.06.24"]
[EventType "k.o. blitz"]

1. d4 Nf6 2. c4 g6 3. Nf3 Bg7 4. g3 c6 5. Bg2 d5 6. O-O O-O 7. Nbd2 a5 8. b3 Ne4
9. Bb2 a4 10. bxa4 Nc5 11. Rb1 Nxa4 12. Ba1 dxc4 13. Nxc4 Be6 14. Nfe5 b5 15.
Ne3 Bxa2 16. Rc1 Bd5 17. Nxc6 Bxc6 18. Bxc6 Nxc6 19. Rxc6 Qd7 20. Qc2 Bxd4 21.
Rd1 e5 22. Ng2 Rac8 23. Rxc8 Qxc8 24. Qb3 Bxa1 25. Rxa1 Qc5 26. Ne3 Kg7 27. Kg2
Rd8 28. Rb1 Qc6+ 29. f3 Qc3 30. Kf2 Rd2 31. Qxc3 Nxc3 32. Re1 b4 33. Nc4 Rc2 34.
Ne3 Ra2 35. Nc4 b3 36. Ke3 b2 0-1

[Event "Women's Speed Chess GP1"]
[Site "chess.com INT"]
[Date "2020.06.24"]
[Round "1.11"]
[White "Lagno, Kateryna"]
[Black "Ning, Kaiyu"]
[Result "1-0"]
[WhiteTitle "GM"]
[BlackTitle "WIM"]
[WhiteElo "2546"]
[BlackElo "2327"]
[WhiteFideId "14109336"]
[BlackFideId "8614750"]
[EventDate "2020.06.24"]
[EventType "k.o. blitz"]

1. e4 e6 2. d4 d5 3. Nd2 Nc6 4. Ngf3 Nf6 5. e5 Nd7 6. Be2 f6 7. exf6 Qxf6 8. O-O
Bd6 9. Re1 O-O 10. Nf1 e5 11. dxe5 Ndxe5 12. Qxd5+ Be6 13. Qe4 Rae8 14. Ng3
Nxf3+ 15. Qxf3 Qg6 16. Qd3 Qf7 17. Be3 Ne5 18. Qc3 Ng4 19. Bxg4 Bxg4 20. a3 h5
21. h3 Bxh3 22. gxh3 h4 23. Nf1 Qf3 24. Bd4 Qd5 25. Nh2 Rxe1+ 26. Rxe1 Rf5 27.
Ng4 Rf3 28. Re3 Rf4 29. Bxg7 Qd1+ 30. Re1 Rxg4+ 31. hxg4 Qxg4+ 32. Kf1 h3 33.
Re8+ Kh7 34. Rh8+ Kg6 35. Qf6# 1-0

[Event "Women's Speed Chess GP1"]
[Site "chess.com INT"]
[Date "2020.06.24"]
[Round "1.1"]
[White "Ju, Wenjun"]
[Black "Assaubayeva, Bibisara"]
[Result "1/2-1/2"]
[WhiteTitle "GM"]
[BlackTitle "FM"]
[WhiteElo "2560"]
[BlackElo "2364"]
[WhiteFideId "8603006"]
[BlackFideId "13708694"]
[EventDate "2020.06.24"]
[EventType "k.o. blitz"]

1. Nf3 Nf6 2. g3 g6 3. Bg2 Bg7 4. O-O O-O 5. d4 d5 6. c4 c6 7. b3 a5 8. Nc3 Bf5
9. Bb2 Ne4 10. Rc1 Nxc3 11. Bxc3 Be4 12. e3 Nd7 13. Qe2 Nf6 14. Rfd1 a4 15. Bb4
Re8 16. Qb2 Ra6 17. Bc3 axb3 18. axb3 Qc7 19. Ra1 Rea8 20. Rxa6 Rxa6 21. c5 b6
22. b4 bxc5 23. dxc5 Qa7 24. Ra1 Rxa1+ 25. Qxa1 Qxa1+ 26. Bxa1 Bxf3 27. Bxf3 Nd7
28. Bxg7 Kxg7 29. Kf1 Kf8 30. Bd1 Ne5 31. Ke2 Ke8 32. f4 Ng4 33. h3 Nf6 34. Bc2
Kd7 35. Kf3 e6 36. g4 h5 37. Bd3 hxg4+ 38. hxg4 Ne8 39. e4 dxe4+ 40. Bxe4 Nc7
41. Bd3 f5 42. Bc4 Ke7 43. gxf5 gxf5 44. Bd3 Kd7 45. Bc4 Ke7 46. Bd3 Kd7 47. Bc4
Ke7 1/2-1/2

[Event "Women's Speed Chess GP1"]
[Site "chess.com INT"]
[Date "2020.06.24"]
[Round "1.2"]
[White "Assaubayeva, Bibisara"]
[Black "Ju, Wenjun"]
[Result "0-1"]
[WhiteTitle "FM"]
[BlackTitle "GM"]
[WhiteElo "2364"]
[BlackElo "2560"]
[WhiteFideId "13708694"]
[BlackFideId "8603006"]
[EventDate "2020.06.24"]
[EventType "k.o. blitz"]

1. d4 Nf6 2. c4 e6 3. Nf3 d5 4. Nc3 Bb4 5. Qa4+ Nc6 6. e3 O-O 7. Bd2 a6 8. Qc2
Re8 9. a3 Bf8 10. Bd3 e5 11. dxe5 dxc4 12. Bxc4 Nxe5 13. Nxe5 Rxe5 14. f4 Re8
15. O-O-O b5 16. Bd3 c5 17. Ne4 h6 18. Nxf6+ Qxf6 19. Bc3 Qe6 20. e4 b4 21. axb4
cxb4 22. Be5 Bb7 23. Kb1 Rac8 24. Qe2 b3 25. Rc1 Qd7 26. Rxc8 Rxc8 27. Rc1 Rxc1+
28. Kxc1 Qa4 29. Bc3 Bb4 30. Kd2 Qa5 31. Qd1 Bxc3+ 32. bxc3 Qa2+ 33. Ke3 b2 34.
Qb1 Qb3 35. Kd2 a5 36. e5 a4 37. Bc2 Qb6 38. Bxa4 Qf2+ 39. Kd3 Ba6+ 40. Ke4 Qe2+
41. Kd5 Bd3 42. Qa2 b1=Q 0-1

[Event "Women's Speed Chess GP1"]
[Site "chess.com INT"]
[Date "2020.06.24"]
[Round "1.3"]
[White "Ju, Wenjun"]
[Black "Assaubayeva, Bibisara"]
[Result "1-0"]
[WhiteTitle "GM"]
[BlackTitle "FM"]
[WhiteElo "2560"]
[BlackElo "2364"]
[WhiteFideId "8603006"]
[BlackFideId "13708694"]
[EventDate "2020.06.24"]
[EventType "k.o. blitz"]

1. Nf3 Nf6 2. g3 d5 3. Bg2 e6 4. O-O Be7 5. d4 b5 6. Ne5 O-O 7. Qd3 a6 8. Nd2
Bb7 9. e4 c5 10. exd5 Bxd5 11. Bxd5 Qxd5 12. Ndf3 Nbd7 13. Nxd7 Nxd7 14. c3 cxd4
15. cxd4 Rac8 16. Re1 Rfd8 17. Bd2 Bf6 18. Ba5 Re8 19. Qe4 Qxe4 20. Rxe4 Rc2 21.
Bc3 b4 22. Ne1 bxc3 23. Nxc2 cxb2 24. Rb1 Rb8 25. f4 g6 26. Re3 Rb5 27. Rb3 Rd5
28. R1xb2 Bxd4+ 29. Nxd4 Rxd4 30. Ra3 Nc5 31. Rc2 Rd5 32. Ra5 Rd1+ 33. Kg2 Nd3
34. Re2 Nb4 35. a3 Nd5 36. Rxa6 Ra1 37. h3 h5 38. h4 Kg7 39. Ra7 Kf6 40. Rb2 Nc3
41. Rbb7 Kf5 42. Rb4 Kg4 43. f5+ Kxf5 44. Rxf7+ Ke5 45. Ra7 Nd5 46. Rb3 Ke4 47.
Ra4+ Ke5 48. Rc4 Ra2+ 49. Kf3 Ne7 50. a4 Nf5 51. Re4+ Kd5 52. Rd3+ Kc5 53. Kf4
Rf2+ 54. Kg5 Rg2 55. g4 Nd6 56. Re5+ Kc6 57. Rxe6 Rxg4+ 58. Kh6 Rxh4 59. Rdxd6+
Kc5 60. a5 Ra4 61. a6 Kb5 62. Re5+ 1-0

[Event "Women's Speed Chess GP1"]
[Site "chess.com INT"]
[Date "2020.06.24"]
[Round "1.4"]
[White "Ju, Wenjun"]
[Black "Assaubayeva, Bibisara"]
[Result "1-0"]
[WhiteTitle "GM"]
[BlackTitle "FM"]
[WhiteElo "2560"]
[BlackElo "2364"]
[WhiteFideId "8603006"]
[BlackFideId "13708694"]
[EventDate "2020.06.24"]
[EventType "k.o. blitz"]

1. Nf3 Nf6 2. g3 g6 3. Bg2 Bg7 4. b3 O-O 5. Bb2 c5 6. O-O Nc6 7. c4 d6 8. d4
cxd4 9. Nxd4 Bd7 10. Nc3 Nxd4 11. Qxd4 Bc6 12. Qd3 Bxg2 13. Kxg2 Qd7 14. e4 Rfd8
15. Rac1 Rac8 16. h3 Qc6 17. Rfe1 e6 18. Kh2 h5 19. Rcd1 h4 20. g4 Qc7 21. Kg2
a6 22. Qe3 Nd7 23. Na4 b5 24. Bxg7 Kxg7 25. Nb2 Nc5 26. Qd4+ e5 27. Qe3 Ne6 28.
Kg1 bxc4 29. Nxc4 Nf4 30. Kh2 f6 31. Rd2 d5 32. exd5 Nxd5 33. Qe2 Nf4 34. Qe3
Rxd2 35. Qxd2 Rd8 36. Qe3 Rd3 37. Qe4 Rxh3+ 38. Kg1 Qc8 39. Ne3 Rxe3 40. Rxe3
Qxg4+ 41. Kf1 Qg2+ 42. Qxg2 Nxg2 43. Kxg2 1-0

[Event "Women's Speed Chess GP1"]
[Site "chess.com INT"]
[Date "2020.06.24"]
[Round "1.5"]
[White "Assaubayeva, Bibisara"]
[Black "Ju, Wenjun"]
[Result "1-0"]
[WhiteTitle "FM"]
[BlackTitle "GM"]
[WhiteElo "2364"]
[BlackElo "2560"]
[WhiteFideId "13708694"]
[BlackFideId "8603006"]
[EventDate "2020.06.24"]
[EventType "k.o. blitz"]

1. d4 Nf6 2. c4 e6 3. Nf3 d5 4. Nc3 Bb4 5. Qa4+ Nc6 6. e3 O-O 7. Bd2 dxc4 8.
Bxc4 Bd6 9. Qc2 e5 10. dxe5 Nxe5 11. Nxe5 Bxe5 12. f4 Bxc3 13. Bxc3 Ng4 14. Bd4
c5 15. Bxc5 Re8 16. O-O b6 17. Bd4 Nxe3 18. Bxe3 Rxe3 19. Rad1 Qe7 20. f5 Bb7
21. f6 gxf6 22. Qf5 Bc8 23. Qxf6 Qxf6 24. Rxf6 Be6 25. Bxe6 Rxe6 26. Rxe6 fxe6
27. Rd7 Rc8 28. Rxa7 Rc1+ 29. Kf2 Rc2+ 30. Kf3 Rxb2 31. h4 b5 32. g4 b4 33. Kf4
b3 34. axb3 Rxb3 35. Ke5 Rb4 36. Kf6 Rf4+ 37. Kg5 Re4 38. h5 Re1 39. Kh6 Rg1 40.
g5 e5 41. Rg7+ Kf8 42. Kxh7 e4 43. g6 e3 44. Rf7+ Ke8 45. Rf3 1-0

[Event "Women's Speed Chess GP1"]
[Site "chess.com INT"]
[Date "2020.06.24"]
[Round "1.6"]
[White "Ju, Wenjun"]
[Black "Assaubayeva, Bibisara"]
[Result "1/2-1/2"]
[WhiteTitle "GM"]
[BlackTitle "FM"]
[WhiteElo "2560"]
[BlackElo "2364"]
[WhiteFideId "8603006"]
[BlackFideId "13708694"]
[EventDate "2020.06.24"]
[EventType "k.o. blitz"]

1. d4 Nf6 2. Nf3 g6 3. g3 Bg7 4. Bg2 O-O 5. O-O d5 6. b3 c6 7. Bb2 a5 8. c4 a4
9. cxd5 cxd5 10. bxa4 Ne4 11. Nfd2 Nxd2 12. Nxd2 Nc6 13. e3 e6 14. Nb1 Na5 15.
Ba3 Re8 16. Nc3 Nc4 17. Bb4 Bd7 18. Rb1 Bc6 19. Re1 Qd7 20. Bf1 Bxa4 21. Nxa4
Rxa4 22. Qb3 Rea8 23. Bxc4 dxc4 24. Qxc4 Rxa2 25. Bc5 Qc6 26. Re2 Ra1 27. Qc1
Rxb1 28. Qxb1 Ra5 29. Rb2 Rxc5 30. dxc5 Bxb2 31. Qxb2 Qxc5 32. Qxb7 h5 33. h4
Kg7 34. Kg2 Qf5 35. Qf3 Qxf3+ 36. Kxf3 Kf6 37. Ke4 Ke7 38. Ke5 f6+ 39. Kd4 Kd6
40. e4 e5+ 41. Kc4 Kc6 42. Kb4 Kb6 43. Kc4 Kc6 44. Kb4 Kb6 45. Kc4 Kc6 1/2-1/2